| 000 | 00572nam a22001817a 4500 | ||
|---|---|---|---|
| 008 | 160712b xxu||||| |||| 00| 0 eng d | ||
| 020 | _a13: 978-0-07-353189-2 | ||
| 020 | _a10: 0-07-353189-8 | ||
| 082 | _aDC 302 M99s 2008 | ||
| 100 |
_911227 _aMyers, David G. |
||
| 245 |
_aSocial psychology/ _cDavid G. Myers. |
||
| 250 | _a9th edition. | ||
| 260 |
_aBoston: _bMcGraw-Hill, _cc2008. |
||
| 300 |
_axxviii, 593 pages: _bcolor illustrations; _c29 cm. |
||
| 500 | _aIncludes bibliographical references and index. | ||
| 650 | 0 |
_911229 _aSocial psychology. |
|
| 942 |
_2ddc _cDC |
||
| 999 |
_c3368 _d3368 |
||